Las creencias musulmanas sobre la muerte: De las formulaciones clásicas a las aplicaciones modernas (Record no. 876212)
[ view plain ]
| 000 -CABECERA | |
|---|---|
| Campo de control de longitud fija | 00495nab a22001457 4500 |
| 003 - IDENTIFICADOR DEL NÚMERO DE CONTROL | |
| Campo de control | ES-SlBCS |
| 005 - FECHA Y HORA DE LA ÚLTIMA TRANSACCIÓN | |
| Campo de control | 20211230211716.0 |
| 008 - CÓDIGOS DE INFORMACIÓN DE LONGITUD FIJA | |
| Campo de control de longitud fija | 211230s2021 sp ||||| |||| 00| 0 spa d |
| 040 ## - FUENTE DE LA CATALOGACIÓN | |
| Centro catalogador del origen | ES-SlBCS |
| Lengua de catalogación | spa |
| 041 ## - CÓDIGO DE LENGUA | |
| Código de lengua del texto/banda sonora o título independiente | spa |
| 100 1# - PUNTO DE ACCESO PRINCIPAL-NOMBRE DE PERSONA | |
| Nombre de persona | Sachedina, Abdulaziz |
| 9 (RLIN) | 237027 |
| 245 14 - MENCIÓN DE TÍTULO | |
| Título | Las creencias musulmanas sobre la muerte: De las formulaciones clásicas a las aplicaciones modernas |
| Mención de responsabilidad, etc. | Abdulaziz Sachedina |
| 773 0# - ENLACE AL DOCUMENTO FUENTE | |
| Parte(s) relacionada(s) | Núm. 393, 2021, págs. 105-118 |
| Título | Concilium |
| Número de control del registro relacionado | Rev134 |
| Número Internacional Normalizado para Publicaciones Seriadas (ISSN) | 0210-1041 |
| 942 ## - ENTRADA DE ELEMENTOS AGREGADOS (KOHA) | |
| Fuente de clasificaión o esquema | |
| Koha [por defecto] tipo de item | Artículos de revista |
| Suprimido | Perdido | Fuente de clasificación o esquema | Estropeado | No para préstamo | Localización permanente | Localización actual | Fecha adquisición | Préstamos totales | Fecha última consulta | Fecha del precio de reemplazo | Tipo de item de Koha |
|---|---|---|---|---|---|---|---|---|---|---|---|
| San Esteban | San Esteban | 30/12/2021 | 30/12/2021 | 30/12/2021 | Artículos de revista |
